| 000 | 02408aam a2200373 i 4500 | ||
|---|---|---|---|
| 001 | 768714001 | ||
| 003 | CO-MdFUSB | ||
| 005 | 20240111152314.0 | ||
| 007 | ta | ||
| 008 | 231003t19932014ck ||||g |||| 00| 0 spa d | ||
| 020 | _a9789587371116 | ||
| 040 |
_aCO-MdFUSB _bspa _cCO-MdFUSB _dCO-MdFUSBC _erda |
||
| 041 |
_aspa _heng |
||
| 082 |
_223 _a235.4 _bK89 |
||
| 100 |
_aKraft, Charles H., _eautor |
||
| 240 | _aDefeating dark angels | ||
| 245 | 1 | 3 |
_aLa derrota de los ángeles de las tinieblas _b : rompiendo la opresión demoníaca en la vida del creyente _c/ Charles H. Kraft ; traducido por Rogelio Díaz Díaz |
| 264 | 1 |
_aBogotá, Colombia : _bDesafío, _c[1993] |
|
| 264 | 4 | _c©2014 | |
| 300 |
_a267 páginas _c; 21 cm |
||
| 336 |
_2rdacontent _atexto _btxt |
||
| 337 |
_2rdamedia _asin mediación _bn |
||
| 338 |
_2rdacarrier _avolumen _bnc |
||
| 504 | _aIncluye bibliografía | ||
| 505 | _aCapítulo 1. ¿Son reales Satanás y los ángeles de las tinieblas? -- Capítulo 2. Doce mitos respecto a la demonización -- Capítulo 3. La demonización en los cristianos -- Capítulo 4. Nuestro poder y autoridad -- Capítulo 5. Lo que hacen los demonios -- Capítulo 6. A que se adhieren los demonios y el porqué de su fuerza -- Capítulo 7. Cómo tratar con la basura mediante la sanidad interior -- Capítulo 8. Como obtener información de los demonios -- Capítulo 9. Demonios, ¡fuera! -- Capítulo 10. Varios aspectos del ministerio de liberación -- Capítulo 11. Preguntas y respuestas. | ||
| 520 | _aEl doctor Kraft explica cómo operan los demonios, cómo resistir su influencia y cómo romper el dominio que ejercen sobre la vida de los hijos de Dios. Este manual es esencial para derrotar a los ángeles de las tinieblas en su vida y la de su familia, y para ministrar la libertad de Dios a los demás. Con tanta confusión y tanto temor que existen respecto al tema de la opresión demoníaca, reconforta encontrar un libro como el del doctor Kraft sobre cómo romper la opresión demoníaca. Su sabia enseñanza no solamente tiene base bíblica, sino que ha sido probada en el laboratorio de la vida real. No dudo en recomendarlo. | ||
| 563 | _aRústico | ||
| 650 | 7 |
_92268 _aGuerra espiritual |
|
| 653 | _aDemoniología | ||
| 700 |
_97244 _aDíaz Díaz, Rogelio, _etraductor |
||
| 700 |
_92650 _aPeñaloza, Miguel. _eeditor |
||
| 942 | _cBK | ||
| 945 | _asor1564 | ||
| 999 |
_c69089 _d69089 |
||